Normal view MARC view

Entry Personal Name

Number of records used in: 1

001 - CONTROL NUMBER

  • control field: 18188

003 - CONTROL NUMBER IDENTIFIER

  • control field: OSt

005 - DATE AND TIME OF LATEST TRANSACTION

  • control field: 20260122040909.0

008 - FIXED-LENGTH DATA ELEMENTS

  • fixed length control field: 260122|| aca||aabn | a|a d

040 ## - CATALOGING SOURCE

  • Original cataloging agency: OSt
  • Transcribing agency: OSt

100 ## - HEADING--PERSONAL NAME

  • Personal name: Ruplo, Owen Edric R., author

670 ## - SOURCE DATA FOUND

  • Source citation: Work cat.: (OSt): Calim, Erica O., author. 18183, Assessing the organizational climate of retails stores in selected areas of Cavite : focus on employees' perspectives /, 2023.